Od jari do jesene /a iné/

Podrobná bibliografia
Hlavný autor: Hupka, Gustáv, 1925-2012 (Autor)
Médium: Článok
Jazyk:slovenčina
Predmet:

MARC

LEADER 00000nab a2200000 a 4500
001 vtls000296700
003 SK-MaSNL
005 20260304230728.0
008 150202c1987 xo 0 slo
015 |a SNBRB19rr/mm-uuuuu 
035 |a CL0306819 
040 |a SNKBUCL  |b slo  |c SNKBUCL  |e AACR2 
041 0 |a slo 
044 |a xo  |c SK 
080 |a 885.4-1(087.5)  |2 1981 
100 1 |a Hupka, Gustáv,  |d 1925-2012  |4 aut  |9 97597 
245 1 0 |a Od jari do jesene /a iné/  |c Gustáv Hupka 
500 |a V rubrike Verše pre najmenších recitátorov. Názvy ďalších básní: Na prechádzke, Vnúčik. 
650 0 7 |a rečňovanky  |2 snkbucl  |9 278360 
655 7 |a články z novín a časopisov  |2 snkbucl  |9 267496 
655 7 |a články z odboru literárna veda a krásna literatúra  |2 snkbucl  |9 770045 
773 0 |t Nová cesta  |g Roč. 9, č. 11 (1987), s. 32 
850 |a Slovenská národná knižnica v Martine  |a MTA001 
852 |a SNK  |b KIS3GCP 
958 |a RK 
958 |a LX 
992 |a RBX 
999 |c 3184663  |d 3186593